Stratégia podniku.
Pod pojmom stratégia sa rozumie spôsob, ako má podnik realizovať svoje zámery. Výklad základných podnikateľských stratégií: ofenzívnej podnikateľskej stratégie, miernej ofenzívnej podnikateľskej stratégie, defenzívnej podnikateľskej stratégie a ústupkovej alebo zostatkovej podnikateľskej stratégie....
Guardado en:
| Autor principal: | |
|---|---|
| Formato: | Capítulo de libro |
| Lenguaje: | eslovaco |
| Materias: | |
| Etiquetas: |
Sin Etiquetas, Sea el primero en etiquetar este registro!
|
MARC
| LEADER | 00000naa a2200000 4500 | ||
|---|---|---|---|
| 001 | r011198 | ||
| 005 | 20220831085144.6 | ||
| 041 | 0 | |a slo | |
| 044 | |a [CS] | ||
| 245 | 1 | 0 | |a Stratégia podniku. |c V. Körmendy |
| 520 | |a Pod pojmom stratégia sa rozumie spôsob, ako má podnik realizovať svoje zámery. Výklad základných podnikateľských stratégií: ofenzívnej podnikateľskej stratégie, miernej ofenzívnej podnikateľskej stratégie, defenzívnej podnikateľskej stratégie a ústupkovej alebo zostatkovej podnikateľskej stratégie. Dôležitosť zvolenia najvhodnejšej stratégie. Charakteristika zložiek vnútropodnikového prostredia. | ||
| 610 | 2 | 0 | |a stratégia podniková |
| 610 | 2 | 0 | |a podnikanie |
| 610 | 2 | 0 | |a marketing |
| 610 | 2 | 0 | |a kapitál |
| 610 | 2 | 0 | |a prostriedky podnikové |
| 610 | 2 | 0 | |a technológia |
| 610 | 2 | 0 | |a pracovníci |
| 610 | 2 | 0 | |a konkurencia |
| 610 | 2 | 0 | |a vzťahy medziľudské |
| 610 | 2 | 0 | |a práca s verejnosťou |
| 100 | 1 | |a Körmendy, V. | |